Exodus / (Record no. 6331)

MARC details
000 -LEADER
fixed length control field 00514nam a22001817a 4500
003 - CONTROL NUMBER IDENTIFIER
control field GBCCL
005 - DATE AND TIME OF LATEST TRANSACTION
control field 20241126110601.0
008 - FIXED-LENGTH DATA ELEMENTS--GENERAL INFORMATION
fixed length control field 180509b ||||| |||| 00| 0 eng d
040 ## - CATALOGING SOURCE
Transcribing agency gbc
082 ## - DEWEY DECIMAL CLASSIFICATION NUMBER
Classification number 813.54
Item number URI
100 ## - MAIN ENTRY--PERSONAL NAME
Personal name Uris, Leon
Dates associated with a name 1924 - 2003
9 (RLIN) 11344
245 ## - TITLE STATEMENT
Title Exodus /
Statement of responsibility, etc. Leon Uris
260 ## - PUBLICATION, DISTRIBUTION, ETC.
Place of publication, distribution, etc. New York:
Name of publisher, distributor, etc. Doubleday & Company,
Date of publication, distribution, etc. 1958
300 ## - PHYSICAL DESCRIPTION
Extent 626 p.;
Other physical details map,
Dimensions 22 cm.
650 ## - SUBJECT ADDED ENTRY--TOPICAL TERM
Topical term or geographic name entry element Exodus 1947 (Ship)
General subdivision Fiction
9 (RLIN) 11345
650 ## - SUBJECT ADDED ENTRY--TOPICAL TERM
Topical term or geographic name entry element Jews
Form subdivision History
Chronological subdivision 20th Century
General subdivision Fiction
9 (RLIN) 11346
942 ## - ADDED ENTRY ELEMENTS (KOHA)
Source of classification or shelving scheme Dewey Decimal Classification
Koha item type Books
Koha issues (borrowed), all copies 1
Holdings
Withdrawn status Lost status Source of classification or shelving scheme Damaged status Not for loan Home library Current Library Shelving location Date acquired Total checkouts Full call number Barcode Date last seen Copy number Price effective from Koha item type Date last checked out
    Dewey Decimal Classification     GRACE BIBLE COLLEGE GRACE BIBLE COLLEGE General Studies 2018-05-09   813.54 URI 008294 2025-05-01 c.1 2018-05-09 Books  
    Dewey Decimal Classification     GRACE BIBLE COLLEGE GRACE BIBLE COLLEGE General Studies 2018-05-10 1 813.54 URI 008295 2025-05-01 c.2 2018-05-10 Books 2023-10-16
© Grace Bible College Library 2025